000 01114nam1a22002651i 4500
001 rc\4614339
005 20260406194629.0
021 _aRU
_b66-71615
021 _aRU
_bРг52-67
035 _a(NLR Aleph) 008395902
090 _a9206043
_c9206043
100 _a20130416d1966 |||y0rusy50 ca
101 0 _arus
102 _aRU
105 _a z |||||
200 1 _aНарушение посадки мужских швейных изделий и способы их исправления
_e[Информ. письмо]
_e[1]-
_fГл. упр. бытового обслуживания населения при Совете Министров УССР. ЦБТИ
210 _aКиев
_cБ. и.
_d1966
215 _a8, [6] с.
_cчерт.
_d20
225 1 _aЗаочная консультация
300 _aОтпеч. множит. аппаратом
712 0 1 _aУССР
_bГлавное управление бытового обслуживания населения
_3RU\NLR\AUTH\889957776
_9411631
801 0 _aRU
_bNLR
_gpsbo
801 1 _aRU
_bELAR
_2rusmarc
852 _aNLR
_j66-4/16755
942 _cBOOK